Θεωρητική μηχανική
Αποθηκεύτηκε σε:
| Κύριοι συγγραφείς: | , |
|---|---|
| Μορφή: | Βιβλίο |
| Γλώσσα: | Greek |
| Δημοσίευση: |
Αθήνα :
Πανεπιστήμιο Αθηνών,
[2007].
|
| Έκδοση: | 2η εκδ. |
| Θέματα: | |
| Ετικέτες: |
Προσθήκη ετικέτας
Δεν υπάρχουν, Καταχωρήστε ετικέτα πρώτοι!
|
MARC
| LEADER | 00000cam a2200000 a 4500 | ||
|---|---|---|---|
| 001 | 1/109778 | ||
| 008 | 160129s2007 gr | ||| |||||||gre|| | ||
| 020 | |a 9789609301725 | ||
| 040 | |a GR-MyUa |b gre |c GR-MyUa |e AACR2 | ||
| 041 | 0 | |a gre | |
| 082 | 7 | |a 531 |2 (23) | |
| 100 | 1 | |a Ιωάννου, Πέτρος. | |
| 245 | 1 | 0 | |a Θεωρητική μηχανική / |c Πέτρος Ιωάννου, Θεοχάρης Αποστολάτος. |
| 250 | |a 2η εκδ. | ||
| 260 | |a Αθήνα : |b Πανεπιστήμιο Αθηνών, |c [2007]. | ||
| 300 | |a vii, 433 σ. : |b σχέδια ; |c 30 εκ. | ||
| 504 | |a Βιβλιογραφία: σ. [431]-433. | ||
| 650 | 0 | |a Mechanics. | |
| 700 | 1 | |a Αποστολάτος, Θεοχάρης, |e aut | |
| 852 | |a INST |b SAMOS |c EUDOXUS |e 20160129 |h 531 ΙΩΑ |p 005300043276 |q 005300043276 |t EDX |y 23 | ||
| 852 | |a INST |b SAMOS |c EUDOXUS |e 20160129 |h 531 ΙΩΑ |p 005300043277 |q 005300043277 |t EDX |y 0 | ||
| 852 | |a INST |b SAMOS |c EUDOXUS |e 20160129 |h 531 ΙΩΑ |p 005300043278 |q 005300043278 |t EDX |y 0 | ||
| 852 | |a INST |b SAMOS |c EUDOXUS |e 20160129 |h 531 ΙΩΑ |p 005300043279 |q 005300043279 |t EDX |y 0 | ||
| 852 | |a INST |b SAMOS |c EUDOXUS |e 20170201 |h 531 ΙΩΑ |p 005300044285 |q 005300044285 |t EDX |y 0 | ||
| 920 | |a Εύδοξος |b Παραγγελία |y Σάμος-ΤΜΑΘ |z 2016-01 | ||
| 920 | |a Εύδοξος |b Παραγγελία |y Σάμος-ΤΜΑΘ |z 2017-01 | ||
| 970 | |a Κοσιέρης |b Χρήστος |z 29-1-2016 | ||